Femnet News

Detalles Bibliográficos
Autor Corporativo: African Women Development and Communication Network
Formato: Desconocido
Lenguaje:inglés
Publicado: Nairobi, Kenya : African Women's Development and Communication Network
Materias:
Acceso en línea:Acceso restringido

MARC

LEADER 00000ny a22000003n 4500
005 20110511150954.0
008 930702c1989 ke x p 0 0eng
010 |a 93981206 
035 |a 3108  
040 |a DLC  |c DLC  |d vLex 
050 0 0 |a HQ1240.5.A35  |b F48 
050 0 0 |a HQ1240.5.A35  |b F48 
082 0 0 |a 305.4/096/05  |2 20 
090 |c 1714  |d 1714 
245 3 0 |a Femnet News  |h [Recurso electrn̤ico] 
246 3 3 |a FEMNET news 
246 3 3 |a Nouvelles de FEMNET  |f 1999- 
256 |a Servicio en ln̕ea 
260 |a Nairobi, Kenya :  |b African Women's Development and Communication Network 
310 |a Irregular 
506 1 |a Contenido solo disponible en los productos indicados  |d vLex Global  |d vLex Global (Academic Edition, excluding Law Schools)  |d vLex Global (Academic Edition, Law Schools) 
650 0 4 |a Mujeres  |x Situacin̤ social  |z ℓfrica  |x Publicaciones perid̤icas 
710 2 |a African Women Development and Communication Network 
740 0 |a vLex Revista (Servicios en ln̕ea) 
843 |a Electrn̤ica. Abierta 
853 |8 1  |i (year)  |j (month)  |k (day) 
856 4 0 |z Acceso restringido  |u http://vlex.com/account/login_ip?fuente_id=3108  
942 |c REV 
999 0 |a Women in development  |z Africa  |v Periodicals. 
999 0 |a Women  |z Africa  |v Periodicals.